Statistiques concernant Les 10 personnes les plus riches de France.

Cliquez ici pour prendre le quiz!

Statistiques générales

  • Ce quiz a été pris 92 fois
  • Le résultat moyen est 3 sur 10

Statistiques - réponses

Fortune(en $)EntreprisePersonne% Correct
76 MdsLVMHBernard Arnault
93%
48,9 MdsL'OréalFrancoise Bettencourt Meyers
50%
27 MdsKeringFrançois Pinault
49%
6,1 MdsIliadXavier Niel
30%
7,1 MdsAltice télécomPatrick Drahi
13%
17,1 MdsChannelAlain Wertheimer
10%
12,7 MdsLactalisEmmanuel Besnier
10%
17,1 MdsChannelGerard Wertheimer
10%
5,9 MdsBioMérieuxAlain Merieux
9%
7 MdsCMA CGMRodolphe Saadé
9%

Distribution des résultats

Percentile par nombre de réponses

% des personnes avec chaque résultat

Votre développement - résultats

Vous n’avez pas pris ce quiz